Schaum's outline of theory and porblems of statistics (Record no. 7820)

000 -LEADER
fixed length control field 00583nam a22002177a 4500
001 - CONTROL NUMBER
control field 7820
003 - CONTROL NUMBER IDENTIFIER
control field BD-DhUET
008 - FIXED-LENGTH DATA ELEMENTS--GENERAL INFORMATION
fixed length control field 141213b xxu||||| |||| 00| 0 eng d
020 ## - INTERNATIONAL STANDARD BOOK NUMBER
International Standard Book Number 070602271
020 ## - INTERNATIONAL STANDARD BOOK NUMBER
International Standard Book Number 0070990085
040 ## - CATALOGING SOURCE
Transcribing agency 0
Modifying agency BD-DhUET
082 ## - DEWEY DECIMAL CLASSIFICATION NUMBER
Classification number 519.9
Item number SPI/1961
100 ## - MAIN ENTRY--PERSONAL NAME
Personal name Spiegel, Murray R.
245 ## - TITLE STATEMENT
Title Schaum's outline of theory and porblems of statistics
Statement of responsibility, etc. in SI units
250 ## - EDITION STATEMENT
Edition statement 1st ed.
260 ## - PUBLICATION, DISTRIBUTION, ETC. (IMPRINT)
Place of publication, distribution, etc. New York
Name of publisher, distributor, etc. McGraw-Hill
Date of publication, distribution, etc. 1961
300 ## - PHYSICAL DESCRIPTION
Extent vii, 359p.
Other physical details ill.
Dimensions 35 cm.
490 ## - SERIES STATEMENT
Series statement Schau's outline series
650 #0 - SUBJECT ADDED ENTRY--TOPICAL TERM
Topical term or geographic name as entry element Statistical mathematics
942 ## - ADDED ENTRY ELEMENTS (KOHA)
Koha item type General Book
Holdings
Lost status Copy number Date acquired Price effective from Sublocation or collection (holding branch) Damaged status Piece designation (barcode) Shelving location Not for loan Location (home branch) Koha item type Withdrawn status Koha normalized classification for sorting Koha full call number Source of classification or shelving scheme Koha date last seen
 12014-12-132014-12-13Central Library, BUET 31835Circulation section Central Library, BUETGeneral Book 519_900000000000000_SPI_1961519.9/SPI/1961 2014-12-13
 22014-12-132014-12-13Central Library, BUET 31855Circulation section Central Library, BUETGeneral Book 519_900000000000000_SPI_1961519.9/SPI/1961 2014-12-13
 32014-12-132014-12-13Central Library, BUET 31842Circulation section Central Library, BUETGeneral Book 519_900000000000000_SPI_1961519.9/SPI/1961 2014-12-13
 42014-12-132014-12-13Central Library, BUET 31824Circulation section Central Library, BUETGeneral Book 519_900000000000000_SPI_1961519.9/SPI/1961 2014-12-13
 52014-12-132014-12-13Central Library, BUET 31814Circulation section Central Library, BUETGeneral Book 519_900000000000000_SPI_1961519.9/SPI/1961 2014-12-13
 62014-12-132014-12-13Central Library, BUET 31841Circulation section Central Library, BUETGeneral Book 519_900000000000000_SPI_1961519.9/SPI/1961 2014-12-13
 72014-12-132014-12-13Central Library, BUET 31818Circulation section Central Library, BUETGeneral Book 519_900000000000000_SPI_1961519.9/SPI/1961 2014-12-13
 82014-12-132014-12-13Central Library, BUET 31861Circulation section Central Library, BUETGeneral Book 519_900000000000000_SPI_1961519.9/SPI/1961 2014-12-13
 92014-12-132014-12-13Central Library, BUET 31823Circulation section Central Library, BUETGeneral Book 519_900000000000000_SPI_1961519.9/SPI/1961 2014-12-13
 102014-12-132014-12-13Central Library, BUET 31862Circulation section Central Library, BUETGeneral Book 519_900000000000000_SPI_1961519.9/SPI/1961 2014-12-13
 112014-12-132014-12-13Central Library, BUET 31856Circulation section Central Library, BUETGeneral Book 519_900000000000000_SPI_1961519.9/SPI/1961 2014-12-13
 122015-07-092015-07-09Central Library, BUET 31387Reading section Central Library, BUETReading Item 519_900000000000000_SPI_1961519.9/SPI/1961 2015-07-09